Southville International School and Colleges
Your cart is empty.
  • Cart
  • Lists
    Public lists Eva Luna New books Lux_list list_1
    Your lists Log in to create your own lists
  • Log in to your account
  • Your cookies
  • Search history
Southville International School and Colleges
  • Advanced search
  • Recent comments
  • Most popular
  • Libraries

Log in to your account

Log in with GOOGLE


If you do not have an external account, but do have a local account, you can still log in:

  1. Home
  2. MARC view: Pediatric radiology :
Normal view MARC view ISBD view

Pediatric radiology : (Record no. 14089)

[ view plain ]
MARC details
000 -LEADER
fixed length control field 00618nam a22001937a 4500
003 - CONTROL NUMBER IDENTIFIER
control field OSt
005 - DATE AND TIME OF LATEST TRANSACTION
control field 20140310182527.0
008 - FIXED-LENGTH DATA ELEMENTS--GENERAL INFORMATION
fixed length control field 130812t xxu||||| |||| 00| 0 eng d
020 ## - INTERNATIONAL STANDARD BOOK NUMBER
International Standard Book Number 9788184485332
050 ## - LIBRARY OF CONGRESS CALL NUMBER
Classification number RJ 51
Item number .H252 2009
100 ## - MAIN ENTRY--PERSONAL NAME
Personal name Haouimi, Ammar
9 (RLIN) 9564
245 ## - TITLE STATEMENT
Title Pediatric radiology :
Remainder of title 111 cases with discussion and abstract (Conventional radiology, ultrasound, CT, MRI, nuclear medicine) /
Statement of responsibility, etc Ammar Haouimi.
260 ## - PUBLICATION, DISTRIBUTION, ETC. (IMPRINT)
Place of publication, distribution, etc New Delhi :
Name of publisher, distributor, etc Jaypee,
Date of publication, distribution, etc c2009.
300 ## - PHYSICAL DESCRIPTION
Extent 237 p. :
Other physical details ill. ;
Dimensions 23 cm.
650 ## - SUBJECT ADDED ENTRY--TOPICAL TERM
Topical term or geographic name as entry element Pediatrics
9 (RLIN) 9664
650 ## - SUBJECT ADDED ENTRY--TOPICAL TERM
Topical term or geographic name as entry element Radiology
9 (RLIN) 7935
942 ## - ADDED ENTRY ELEMENTS (KOHA)
Source of classification or shelving scheme Library of Congress Classification
Koha item type
Holdings
Withdrawn status Lost status Source of classification or shelving scheme Damaged status Home library Current library Shelving location Date acquired Total Checkouts Full call number Barcode Date last seen Copy number Price effective from Koha item type
    Library of Congress Classification   South SEED-LPDH College Library South SEED-LPDH College Library South SEED-LPDH College Section 08/12/2013   RJ 51 .H252 2009 SSLC0141 05/15/2018 1 08/12/2013 Books

Pediatric radiology :

APA

Haouimi A., . (2009). Pediatric radiology. New Delhi: Jaypee.

Chicago

Haouimi Ammar, . 2009. Pediatric radiology. New Delhi: Jaypee.

Harvard

Haouimi A., . (2009). Pediatric radiology. New Delhi: Jaypee.

MLA

Haouimi Ammar, . Pediatric radiology. New Delhi: Jaypee. 2009.

  • Place hold
  • Print
  • Cite
  • Add to your cart (remove)
  • Save record
    BIBTEX Dublin Core MARCXML MARC (non-Unicode/MARC-8) MARC (Unicode/UTF-8) MARC (Unicode/UTF-8, Standard) MODS (XML) RIS
  • More searches
    Search for this title in:
    Other Libraries (WorldCat) Other Databases (Google Scholar) Online Stores (Bookfinder.com) Open Library (openlibrary.org)

Exporting to Dublin Core...

SOUTHVILLE LIBRARY

Southville International School and Colleges Library

1281 Tropical Ave. Cor. Luxembourg St., BF Homes International, Las Pinas City

Tel. No. 8256374 / 252358 Loc. 117/146

Powered by Koha